000 01782nam0a2200361 4500
001 RU\NLR\BIBL_A\022531135
005 20260408224717.0
010 _a978-5-93700-358-4
_9100
035 _a(NLR Aleph) 022531135
090 _a13538346
_c13538346
100 _a20250425d2025 u y0rusy50 ca
101 1 _arus
_ceng
102 _aRU
105 _aa z 001yy
181 0 _ai
_baxxe
182 0 _an
200 1 _aБольшие данные
_eсовременные фреймворки и разработка приложений
_fДоминико Талия, Паоло Трунфио, Фабрицио Мароццо [и др.]
_gпер. с англ. А. В. Логунова
_gУниверситет Калабрии, Италия
203 _aТекст
_bвизуальный
_cнепосредственный
210 _aМосква
_cДМК Пресс
_d2025
215 _a271 с.
_cил.
_d25
300 _aЗагл. и авт. ориг.: Programming big data aplications / Domenico Talia, Paolo Trunfio, Fabrizio Marozzo [et al.]
320 _aБиблиогр.: с. 254–261
320 _aПредм. указ.: с. 262–271
454 0 _12001#$aProgramming big data aplications$fDomenico Talia, Paolo Trunfio, Fabrizio Marozzo [et al.]
_1701#1$aTalia$bD.$gDomenico
_1701#1$aTrunfio$bP.$gPaolo
_1701#1$aMarozzo$bF.$gFabrizio
_tProgramming big data aplications
606 _aБольшие данные (киберн.)
_xПрограммирование
_3RU\NLR\AUTH\6601759047
_92674643
686 1 _aЗ973.233-018
701 1 _aТалия
_bД.
_gДоминико
701 1 _aТрунфио
_bП.
_gПаоло
701 1 _aМароццо
_bФ.
_gФабрицио
942 _cBOOK
980 _aNB